Elecciones dominicanas : (Registro nro. 7414)

Detalles MARC
000 -LEADER
campo de control de longitud fija 00933nam a22002537a 4500
001 - NÚMERO DE CONTROL
campo de control 29387
005 - FECHA Y HORA DE LA ÚLTIMA TRANSACCIÓN
campo de control 20250522045752.0
008 - DATOS DE LONGITUD FIJA--INFORMACIÓN GENERAL
campo de control de longitud fija 5232271966 1982 dr
040 ## - FUENTE DE CATALOGACIÓN
Centro catalogador/agencia de origen dobauct
Lengua de catalogación spa
Normas de descripción aacr
041 ## - CÓDIGO DE IDIOMA
Código de lengua del texto/banda sonora o título independiente spa
082 ## - NÚMERO DE LA CLASIFICACIÓN DECIMAL DEWEY
Número de clasificación RD 324.97293
Número de ítem C155e
100 ## - ENTRADA PRINCIPAL--NOMBRE DE PERSONA
Nombre de persona Campillo Pérez, Julio G.
Fechas asociadas al nombre 1922-2001
Término indicativo de función/relación autor.
245 ## - MENCIÓN DEL TÍTULO
Título Elecciones dominicanas :
Resto del título (contribución a su estudio)
Mención de responsabilidad, etc. Julio G. Campillo Pérez.
250 ## - MENCION DE EDICION
Mención de edición Tercera Edición.
260 ## - PUBLICACIÓN, DISTRIBUCIÓN, ETC.
Lugar de publicación, distribución, etc. Santo Domingo, República Dominicana :
Nombre del editor, distribuidor, etc. Relaciones Públicas
Fecha de publicación, distribución, etc. 1966, c1982
300 ## - DESCRIPCIÓN FÍSICA
Extensión 550 páginas ;
Dimensiones 20 cm
336 ## - TIPO DE CONTENIDO
Fuente rdacontetn
Término de tipo de contenido texto
Código de tipo de contenido txt
337 ## - TIPO DE MEDIO
Fuente rdacontent
Nombre/término del tipo de medio sin mediación
Código del tipo de medio n
338 ## - TIPO DE SOPORTE
Fuente rdacarrier
Nombre/término del tipo de soporte volumen
Código del tipo de soporte nc
490 ## - MENCIÓN DE SERIE
Mención de serie Academia Dominicana de la Historia ;
Designación de volumen o secuencia Vol. 49
650 ## - PUNTO DE ACCESO ADICIONAL DE MATERIA--TÉRMINO DE MATERIA
Término de materia o nombre geográfico como elemento de entrada 1.Elecciones -- Legislación -- República Dominicana
650 ## - PUNTO DE ACCESO ADICIONAL DE MATERIA--TÉRMINO DE MATERIA
Término de materia o nombre geográfico como elemento de entrada 2. Elecciones -- República Dominicana
650 ## - PUNTO DE ACCESO ADICIONAL DE MATERIA--TÉRMINO DE MATERIA
Término de materia o nombre geográfico como elemento de entrada 3. Presidentes -- República Dominicana
Existencias
Estatus retirado Estado de pérdida Estado de daño No para préstamo Colección Biblioteca de origen Biblioteca actual Fecha de adquisición Total de préstamos Signatura topográfica completa Código de barras Visto por última vez Copia número Precio de reemplazo Tipo de ítem Koha
        Acervo general de Libros Biblioteca Central Mons. Favio M. Rivas S. Biblioteca Central Mons. Favio M. Rivas S. 21/06/2022   RD 324.97293 000000010061 23/05/2025 1 23/05/2025 Libros